00535nam a2200169 450000500170000000700040001700800040002104000090002505000220003410000170005624501140007326000410018730000190022844000470024750000400029465000310033420150326161335.0000000 aUOEL aS544.5b.H82 1990 aby Huby, Meg aWhere you can't see the wood for the trees :bExtension methods in rural woodfuel development /cby Meg, Huby aLondon ;bBeijer Institute ,cc1990. a82p. :bill. ; aKWDP Series on rural Woodfuel Development. aincludes bibliographical references 2tree plantingxAgriculture